| 000 | 00563nam a2200181Ia 4500 | ||
|---|---|---|---|
| 008 | 140609s9999 xx 000 0 und d | ||
| 020 | _a9789712354908 | ||
| 050 |
_aLC 4717.5 _b.M311 2009 |
||
| 245 |
_aManaging children with special needs (Learning disability, ADHD, Autism) : _bspecial education handbook / |
||
| 250 | _a1st ed. | ||
| 260 |
_aManila, Philippines : _bRex Book Store, _cc2009. |
||
| 300 |
_a304 p. : _bill. ; _c25 cm. |
||
| 500 | _aIncludes index. | ||
| 521 | _aGE | ||
| 650 | _aSpecial education. | ||
| 942 |
_kLOC _cBK |
||
| 999 |
_c118151 _d118151 |
||